Measurement and Evaluation in Education/ (Record no. 190203)

MARC details
000 -LEADER
fixed length control field 00623nam a22001817a 4500
005 - DATE AND TIME OF LATEST TRANSACTION
control field 20220720130001.0
010 ## - LCCN (DPL NO)
LC control number ENG-133673
020 ## - INTERNATIONAL STANDARD BOOK NUMBER
International Standard Book Number 9788183166935
Terms of availability 395.00
035 ## - SYSTEM CONTROL NUMBER
System control number EN-117205
037 ## - SOURCE OF ACQUISITION
Source of stock number/acquisition DBAD/PUB
082 ## - DEWEY DECIMAL CLASSIFICATION NUMBER
Classification number 371.26
100 ## - MAIN ENTRY--PERSONAL NAME
Personal name Sagar, J. Vidya
245 ## - TITLE STATEMENT
Title Measurement and Evaluation in Education/
Statement of responsibility, etc J. Vidya Sagar
260 ## - PUBLICATION, DISTRIBUTION, ETC. (IMPRINT)
Place of publication, distribution, etc New Delhi
Name of publisher, distributor, etc Neelkamal Publishing Pvt. Ltd.
Date of publication, distribution, etc 2016
270 ## - ADDRESS
Address 4764/1, 23, Ansari Road, Daryaganj
City New Delhi
Postal code 110002
Telephone number 011-23244237
Electronic mail address neelkamalbooks@gmail.com
300 ## - PHYSICAL DESCRIPTION
Extent vi, 280 p.
Dimensions 24 cm(pbk)
Other physical details Bibiliography, Index
942 ## - ADDED ENTRY ELEMENTS (KOHA)
Source of classification or shelving scheme Dewey Decimal Classification
Item type English Books
Classification part 371.26
Call number suffix SAG
Holdings
Withdrawn status Lost status Not for loan Collection code Home library Current library Date acquired Source of acquisition Cost, normal purchase price Full call number Barcode Copy number Cost, replacement price Koha item type
      Non-fiction Bawana Bawana 20/07/2022 DBAD/PUB 395.00 371.26 SAG EN-117205 1 395.00 English Books

© Delhi Public Library
Hit Counter
free hit counter